| 000 | 00466nam a2200157Ia 4500 | ||
|---|---|---|---|
| 005 | 20260430133740.0 | ||
| 008 | 260429s9999||||xx |||||||||||||| ||und|| | ||
| 020 | _a9783031454677 | ||
| 082 |
_a006.31 _bBIS |
||
| 100 | _aBishop, Christopher M. | ||
| 245 | 0 |
_aDeep learning : _bfoundations and concepts / _cChristopher M. Bishop |
|
| 260 |
_aCham : _bSpringer International Publishing, _c2024. |
||
| 300 | _axx, 649 p.; hb | ||
| 700 | _a Bishop, Hugh | ||
| 942 | _cCU | ||
| 999 |
_c53812 _d53812 |
||